| 000 | 00680nas a2200253 4500 | ||
|---|---|---|---|
| 001 | BR7201063 | ||
| 003 | BR-BrBNA | ||
| 005 | 20231205082402.0 | ||
| 007 | ta | ||
| 008 | 230509b bl.|||p| |||| 00| 00por d | ||
| 040 |
_aBR-BrBNA _bpor _cBiblioteca Nacional de Agricultura |
||
| 041 | _a(Pt) | ||
| 072 | _aF63; F50 | ||
| 100 | 1 | _aRigitano, O. | |
| 245 | 1 | _aInformacoes sobre a cultura da figueira | |
| 650 | _aFIGO | ||
| 650 | _aFRUTICULTURA | ||
| 650 | _aADUBACAO | ||
| 650 | _aPLANTIO | ||
| 650 | _aMUDA | ||
| 773 | 0 |
_tAgronomico (Brazil) _xISSN 0365-2726 _g(Jan-Dec 1972), v. 24 p. 35-39 _wBR7201063 |
|
| 909 |
_a202311 _bLúcia _c55 _dLúcia Elande |
||
| 942 |
_2AGRIS _n0 _cANA |
||
| 999 |
_c91361 _d91361 |
||